| 000 | 01563cam a22004337i 4500 | ||
|---|---|---|---|
| 999 |
_c534546 _d534546 |
||
| 001 | 18680934 | ||
| 003 | NUST | ||
| 005 | 20200302121312.0 | ||
| 008 | 150630t20142014enka b 001 0 eng d | ||
| 010 | _a 2015301521 | ||
| 015 |
_aGBB406181 _2bnb |
||
| 016 | 7 |
_a016603816 _2Uk |
|
| 020 | _a9781613530221 (hbk.) | ||
| 020 | _a1613530226 (hbk.) | ||
| 035 | _a(OCoLC)ocn868379889 | ||
| 038 | _awaseem | ||
| 040 |
_aUKMGB _beng _erda _cUKMGB _dOCLCO _dBTCTA _dYDXCP _dBUF _dIPL _dOCLCF _dCDX _dDLC |
||
| 042 | _alccopycat | ||
| 050 | 0 | 0 |
_aTL696.R2 _bS75 2014 |
| 082 | 0 | 4 |
_a621.3848 _bSTI |
| 100 | 1 |
_aGriffiths, H. _q(Hugh), _d1956- _eauthor. _928754 |
|
| 245 | 1 | 0 |
_aStimson's introduction to airborne radar / _cGeorge W. Stimson, Hugh D. Griffiths, Chris J. Baker, Dave Adamy. |
| 246 | 3 | 0 | _aIntroduction to airborne radar |
| 250 | _aThird edition. | ||
| 264 | 1 |
_aEdison, NJ : _bSciTech Publishing, _c[2014] |
|
| 264 | 4 | _c©2014 | |
| 300 |
_axxv, 745 pages : _billustrations (chiefly color) ; _c29 cm |
||
| 336 |
_atext _2rdacontent |
||
| 337 |
_aunmediated _2rdamedia |
||
| 338 |
_avolume _2rdacarrier |
||
| 500 | _aIncludes bibliographical references and index. | ||
| 650 | 0 |
_aRadar in aeronautics. _928755 |
|
| 700 | 1 |
_aBaker, Christopher, _eauthor. _928756 |
|
| 700 | 1 |
_aAdamy, David, _eauthor. _928757 |
|
| 700 | 1 |
_aStimson, George W. _tIntroduction to airborne radar. _928758 |
|
| 906 |
_a7 _bcbc _ccopycat _d2 _encip _f20 _gy-gencatlg |
||
| 942 |
_2ddc _cBK |
||